| 000 | 00783cam a22002533a 4500 | ||
|---|---|---|---|
| 001 | 20022 | ||
| 003 | PGUSA | ||
| 005 | 20140828083426.0 | ||
| 008 | 061205s2006||||xxu|||||s|||||000 1 eng d | ||
| 040 |
_aPGUSA _beng |
||
| 042 | _adc | ||
| 050 | 4 | _aPZ | |
| 100 | 1 |
_aShute, Henry A. _q(Henry Augustus), _d1856-1943 |
|
| 245 | 1 | 0 |
_a'Sequil' : _bOr Things Whitch Aint Finished in the First _h[electronic resource] / _cHenry A. Shute |
| 260 |
_bProject Gutenberg, _c2006 |
||
| 506 | _aPublic domain in the USA. | ||
| 516 | _aElectronic text | ||
| 653 | _aBoys -- Juvenile fiction | ||
| 653 | _aDiary fiction | ||
| 740 | 0 | _aSequel, or things which ain't finished in the first | |
| 830 | 0 |
_aProject Gutenberg _v20022 |
|
| 856 | 4 | 0 | _uhttp://www.gutenberg.org/ebooks/20022 |
| 942 | _cEB | ||
| 999 |
_c249277 _d249277 |
||